00696nam a2200169 a 450000100100000000500170001000800410002704000250006810000290009324500870012226000600020930000230026950000730029270000380036595201060040399900170050900004008220201002033915.0130806s2004 ve 000 0 spa d aDO-SdBNPbspacBNPHU1 aGurvitch, Georges96154310aDialectica y sociología /cGeorges Gurvitch ; traducción Joaquín González. aVenezuela :bUniversidad Central de Venezuela,c190?--. a426 p. ;c23 cm.-. aIncluye referencias bibliográficas y notas al pie de las páginas1 aGonzález, Joaquínetr.966341 0010507-18MOaPDbPDcOId2013-08-06iLF1l0o p40082-10r2020-06-25w2020-06-25y1ZNo se presta c39572d39572